000 00623 a2200193 4500
999 _c182859
_d182859
005 20211208125126.0
010 _aENG-130233
020 _c150.00
_a978-81-87952-35-0
035 _aEN-113765
037 _bDBAD / PUB
082 _a700.92254147
100 _aKakar, S.C.
245 _aKolkata The Mecca of Art and a Culturl Hub:
_cS.C. Kakar
250 _a2013
260 _aKolkata
_bMark-Age Service Pvt. Ltd
_c2013
270 _bKolkata
_e700084
_aG-1, Ground Floor, 334 Nath Para
_mmarkage.india@sify.com
_k033-24107066
300 _a160p.
_c21cm (pbk)
942 _adpl
_cEN
_2ddc
_h700.92254147
_mKAK